Burmese Diaspora Quiz Stats

 Plays Quiz not verified by Sporcle

Challenge
Share
Tweet
Embed
Score 0/30 Timer 05:00
0 Plays Today
Number of Burmese Country % Correct
51,529India
98.8%
116,775USA
97.6%
1,892,480Thailand
97.6%
9,783Vietnam
97.6%
39,776China
97.6%
441France
96.4%
1,004Germany
96.4%
607Russia
96.4%
197,625Bangladesh
96.4%
12,154UK
95.2%
5,681Canada
95.2%
282Laos
95.2%
23,742Australia
95.2%
79,691Malaysia
95.2%
10,252Japan
94%
Number of Burmese Country % Correct
316Italy
92.9%
3,116Norway
92.9%
1,494Sweden
92.9%
1,178Finland
92.9%
4,748South Korea
91.7%
1,746Denmark
91.7%
982Netherlands
90.5%
93,057Pakistan
90.5%
2,118New Zealand
90.5%
424Philippines
88.1%
250Switzerland
83.3%
243Ireland
82.1%
1,125Taiwan
82.1%
600,000Saudi Arabia
79.8%
237Czech Republic
72.6%

You're not logged in!

Compare scores with friends on all Sporcle quizzes.
Join for Free
OR
Log In

You Might Also Like...

Show Comments

Extras

Top Quizzes Today


Score Distribution

Your Account Isn't Verified!

In order to create a playlist on Sporcle, you need to verify the email address you used during registration. Go to your Sporcle Settings to finish the process.

Report this User

Report this user for behavior that violates our Community Guidelines.

Details: